Biggest Professional Sports Rivalries - Statistics

General Stats
  • This quiz has been taken 69 times
  • The average score is 31 of 56
Answer Stats
Hint Answer % Correct
New York Yankees
95%
MLB Boston Red Sox
92%
MLB San Francisco Giants
83%
NFL Philadelphia Eagles
78%
Dallas Cowboys
76%
Green Bay Packers
76%
NBA Los Angeles Lakers
76%
Los Angeles Lakers
76%
Boston Celtics
75%
NBA Boston Celtics
75%
NFL Chicago Bears
75%
Los Angeles Dodgers
75%
Los Angeles Dodgers
75%
Kansas City Chiefs
71%
Kansas City Chiefs
71%
San Francisco 49ers
68%
San Francisco 49ers
68%
NFL Seattle Seahawks
68%
NFL Los Angeles Rams
66%
MLB New York Mets
66%
MLB St. Louis Cardinals
66%
Chicago Cubs
63%
NFL Baltimore Ravens
61%
Pittsburgh Steelers
61%
NHL New York Rangers
59%
Minnesota Vikings
58%
NFL Oakland Raiders
58%
MLB San Diego Padres
58%
NHL Boston Bruins
56%
NFL Buffalo Bills
56%
Miami Heat
56%
NBA Golden State Warriors
54%
NFL Detroit Lions
53%
Toronto Maple Leafs
53%
Philadelphia Phillies
51%
NHL Pittsburgh Penguins
51%
Montreal Canadiens
49%
Everybody in MLB
47%
NFL Atlanta Falcons
46%
MLB Houston Cheaters
46%
New Orleans Saints
46%
MLB Atlanta Braves
42%
Chicago Blackhawks
41%
NHL Detroit Red Wings
39%
MLS LA Galaxy
39%
Philadelphia Flyers
39%
Washington Nationals
36%
NBA Denver Nuggets
34%
Minnesota Timberwolves
34%
New Jersey Devils
32%
LAFC
27%
WNBA Indiana Fever
24%
Chicago Sky
20%
Seattle Sounders
20%
MLS Portland Timbers
19%
Vancouver Whitecaps
19%
No matching quizzes found
Score Distribution
Percent of People with Each Score
Percentile by Number Answered
Your Score History
You have not taken this quiz